000 00614nam a22001937a 4500
005 20251108165421.0
008 250721s1986 xx 000 0 ara d
082 1 4 _a947.0842/جوك
100 1 _aكوجوف، جيورجي كونستانتينوفيتش
245 1 0 _aمذكرات جوكوف /
264 1 _aبيروت :
_bدار الفارابي،
_c1986.
300 _a876ص
650 1 7 _aروسيا
650 1 7 _aتاريخ روسيا
650 1 7 _aالحرب العالمية الثانية 1939-1945
700 1 _aعطا الله، يوسف أسعد
_eترجمة
942 _2ddc
_cBK
999 _c27418
_d27418